| 000 | 00455nam a22001937a 4500 | ||
|---|---|---|---|
| 003 | CEME | ||
| 005 | 20210628210515.0 | ||
| 008 | 210209b xxu||||| |||| 00| 0 eng d | ||
| 020 | _a0-07-061262-5 | ||
| 040 | _c. | ||
| 082 | _a303.235 STE | ||
| 100 |
_aSteinberg, Laurence _979694 |
||
| 245 | _aAdolescence | ||
| 250 | _a4TH | ||
| 260 |
_aBOSTON _bMCGRAW HILL _c1996 |
||
| 300 | _a606P | ||
| 650 |
_aADOLESCENT PSYCHOLOGY _979695 |
||
| 942 |
_cBK _2ddc |
||
| 999 |
_c584699 _d584699 |
||